[Event "EIWCC 2018"]
[Site "Vysoke Tatry"]
[Date "2018.04.08"]
[Round "1"]
[White "Nadzamova, Viktoria"]
[Black "Gvanceladze, Anna"]
[Result "1/2-1/2"]
[WhiteElo "1766"]
[BlackElo "2302"]
[Annotator "TA"]
[PlyCount "110"]
[EventDate "2018.??.??"]
[EventType "swiss"]
[EventCountry "SVK"]
[SourceTitle "playchess.com"]
[Source "ChessBase"]
[SourceQuality "1"]

{[%evp 14,110,40,29,34,11,13,22,14,17,17,10,6,6,14,15,9,5,69,57,76,67,62,38,45,0,0,0,28,0,4,2,23,38,25,0,12,24,12,-5,-4,0,85,68,122,31,31,0,0,0,5,0,11,0,0,0,0,-4,-5,-5,-2,-4,0,0,0,0,0,0,0,0,0,0,0,0,0,0,0,0,0,0,0,0,0,0,0,0,0,0,0,0,0,0,0,0,0,0,0,0,0]} 1. e4 c6 2. d4 d5 3. e5 c5 4. dxc5 Nc6 5. a3 Nxe5 6. b4 {B12: Caro-Kann: Advance Variation} Nf6 7. Bb2 Nc6 8. Nf3 {LiveBook: 5 Games. White is slightly better.} Bg4 (8... g6 9. Nc3 d4 10. Nb5 e5 11. Qe2 Bg4 12. O-O-O Bh6+ {1-0 (48) Nepomniachtchi,I (2751)-Navara,D (2737) Saint Louis 2017}) 9. Be2 e6 10. O-O Be7 11. h3 $146 ({Predecessor:} 11. Nbd2 O-O 12. Ne5 Nxe5 13. Bxe5 {1-0 (42) Bodnaruk,A (2432)-Ubiennykh,E (2308) Sochi 2017}) 11... Bh5 12. Nbd2 O-O 13. c4 Qc7 14. Nd4 {Strongly threatening Nxc6.} Bg6 15. cxd5 exd5 ({Black should try} 15... Nxd4 $11 16. Bxd4 Nxd5) 16. N2f3 a5 {[#]} 17. Qb3 $1 Rfd8 18. Rfd1 Ne4 19. Nb5 Qf4 $1 20. Bc1 Qb8 21. Bb2 (21. Be3 {is more complex.} axb4 22. axb4 Rxa1 23. Rxa1 f5 24. Nd6) 21... b6 22. Rxd5 bxc5 {[%cal Ra5b4]} 23. Rxd8+ Qxd8 24. bxa5 Nxa5 25. Qe3 c4 26. Rd1 Qb8 $1 {[%cal Rb8b5]} 27. a4 Bc5 (27... Nc6 $11 {remains equal.}) 28. Bd4 $16 Qb6 (28... Nb3 $14) 29. Bxc5 (29. Ne5 $16 Bxd4 30. Rxd4) 29... Qxc5 $14 30. Qxc5 Nxc5 {The position is equal.} 31. Ne5 Bc2 32. Rd5 Nxa4 {With the idea ...Be4.} 33. Nxc4 Nxc4 34. Bxc4 Nb6 35. Rc5 Nxc4 36. Rxc4 $11 {[%mdl 4096] Endgame KRB-KRN} Bd3 37. Rc5 Kf8 38. Nd6 Ke7 39. Nf5+ Kf6 40. g4 Ra1+ 41. Kh2 {[#]} h5 $1 {[%mdl 512]} 42. Rc6+ (42. gxh5 Bxf5) 42... Kg5 {...Be4 is the strong threat.} 43. Nxg7 hxg4 (43... Be4 $5 44. Rc5+ $8 f5 $11) 44. Rc5+ f5 45. Ne6+ Kf6 46. Nf4 Be4 47. hxg4 Rh1+ 48. Kg3 {Threatens to win with f3.} Rg1+ 49. Kh2 Rxg4 50. Nh5+ Kg5 {Hoping for ...Rh4+.} 51. Ng3 Bd3 52. Rd5 Bc2 53. Rc5 Bb1 54. Rb5 Bc2 55. Rc5 Bb1 {Precision: White = 65%, Black = 58%.} 1/2-1/2